| 000 -LEADER |
| fixed length control field |
01022nam a2200301 i 4500 |
| 003 - CONTROL NUMBER IDENTIFIER |
| control field |
OSt |
| 005 - DATE AND TIME OF LATEST TRANSACTION |
| control field |
20230306143728.0 |
| 008 - FIXED-LENGTH DATA ELEMENTS--GENERAL INFORMATION |
| fixed length control field |
140325t20131977oncb j b 000 f eng |
| 020 ## - INTERNATIONAL STANDARD BOOK NUMBER |
| International Standard Book Number |
9780143187899 |
| 040 ## - CATALOGING SOURCE |
| Original cataloging agency |
CaOONL |
| Language of cataloging |
eng |
| Description conventions |
rda |
| Transcribing agency |
CaOONL |
| Modifying agency |
CaOL |
| -- |
KH8 |
| 082 ## - DEWEY DECIMAL CLASSIFICATION NUMBER |
| Classification number |
FIC SMU |
| 100 1# - MAIN ENTRY--PERSONAL NAME |
| Personal name |
Smucker, Barbara, |
| Dates associated with a name |
1915-2003, |
| Relator term |
author. |
| 245 10 - TITLE STATEMENT |
| Title |
Underground to Canada / |
| Statement of responsibility, etc. |
Barbara Smucker ; introduction by Lawrence Hill. |
| 264 #1 - PRODUCTION, PUBLICATION, DISTRIBUTION, MANUFACTURE, AND COPYRIGHT NOTICE |
| Place of production, publication, distribution, manufacture |
Toronto : |
| Name of producer, publisher, distributor, manufacturer |
Puffin, |
| Date of production, publication, distribution, manufacture, or copyright notice |
2013. |
| 264 #4 - PRODUCTION, PUBLICATION, DISTRIBUTION, MANUFACTURE, AND COPYRIGHT NOTICE |
| Date of production, publication, distribution, manufacture, or copyright notice |
©1977. |
| 300 ## - PHYSICAL DESCRIPTION |
| Extent |
xiii, 172 pages : |
| Other physical details |
maps |
| 336 ## - CONTENT TYPE |
| Content type term |
text |
| Source |
rdacontent. |
| 337 ## - MEDIA TYPE |
| Media type term |
unmediated |
| Source |
rdamedia. |
| 338 ## - CARRIER TYPE |
| Carrier type term |
volume |
| Source |
rdacarrier. |
| 500 ## - GENERAL NOTE |
| General note |
Also published in paperback in 2008. |
| 500 ## - GENERAL NOTE |
| General note |
Originally published: Toronto : Clarke, Irwin, 1977. |
| 650 #0 - SUBJECT ADDED ENTRY--TOPICAL TERM |
| Topical term or geographic name entry element |
Underground Railroad |
| Geographic subdivision |
Canada |
| Form subdivision |
Juvenile fiction. |
| 650 #0 - SUBJECT ADDED ENTRY--TOPICAL TERM |
| Topical term or geographic name entry element |
Black people |
| Geographic subdivision |
Canada |
| Form subdivision |
Juvenile fiction. |
| 650 #0 - SUBJECT ADDED ENTRY--TOPICAL TERM |
| Topical term or geographic name entry element |
Fugitive slaves |
| Geographic subdivision |
Canada |
| Form subdivision |
Juvenile fiction. |
| 655 #0 - INDEX TERM--GENRE/FORM |
| Genre/form data or focus term |
Biographical fiction. |
| 655 #0 - INDEX TERM--GENRE/FORM |
| Genre/form data or focus term |
Historical fiction. |
| 942 ## - ADDED ENTRY ELEMENTS (KOHA) |
| Source of classification or shelving scheme |
|
| Koha item type |
Books - Non Ficton |